| 000 | 00724cam a2200205 4500 | ||
|---|---|---|---|
| 001 | WB3540-29 | ||
| 008 | 000000n1999 000 0 eng u | ||
| 035 | _a(Sirsi) u100458 | ||
| 245 | _aBleak future | ||
| 260 | _c1999 | ||
| 490 |
_aGuardian _v14 October 1999, 27(1) |
||
| 520 | _aThe cinema market continues to face a bleak future despite 300 new screens opening across the UK during the last year. Attendance has dropped below 1997 levels and the Rank group is rumoured to be considering a total exit from the industry. Table. | ||
| 590 | _aWB | ||
| 650 | _aCINEMAS | ||
| 650 | _aMULTIPLEX CINEMAS | ||
| 650 | _aATTENDANCE LEVELS | ||
| 650 | _aLEISURE MARKET | ||
| 690 | _aLEISURE AND RECREATION | ||
| 942 | _n0 | ||
| 999 |
_c60099 _d60099 |
||